000
00402nam a2200133Ia 4500
008
100328s9999 xx 000 0 und d
082
_b
7191
100
_a
काळे विमल
245
_a
भूमीला मार
260
_b
काकोडकर ग्रंथ भांडार
630
_a
भूमीला मार
730
_a
भूमीला मार
942
_c
BOOK
999
_c
503036
_d
503033